Violencia visible e invisible contra la mujer /

में बचाया:
ग्रंथसूची विवरण
मुख्य लेखक: Villalaz, Aura Emérita Guerra de
स्वरूप: मूलपाठ
विषय:
टैग: टैग जोड़ें
कोई टैग नहीं, इस रिकॉर्ड को टैग करने वाले पहले व्यक्ति बनें!

MARC

LEADER 00000 a a2200000 04500
001 9450
003
040
100 |a Villalaz, Aura Emérita Guerra de  
245 |a Violencia visible e invisible contra la mujer /  |c Aura Emérita Guerra de Villalaz 
650 |a MUJERES  
650 |a VIOLENCIA  
650 |a AGRESION  
650 |a DISCRIMINACION BASADA EN EL SEXO  
773 |g volumen 2000, número 431; páginas 62-72  
999 |c 33845  |d 33845